000 00509nam a2200193 i 4500
001 49501
003 ES-MaACL
005 20230906162002.0
007 t|
008 030717s1965 sp ||||1| spa d
245 0 0 _aCosta Brava, Barcelona, Baleares.
250 _a[1ª ed.].
260 _aBarcelona :
_bJuventud,
_c[1965]
300 _a62 p. :
_bil. ;
_c19 cm.
490 1 _aGuías turísticas
830 0 _aGuías turísticas
_9182719
852 _aES-MaACL
_jC-28293
_bR.47652
999 _c49501
_d49501